000 00417nam a2200121Ia 4500
008 220204s9999 xx 000 0 und d
082 _a631.452:061.3(595)
_bOTH
245 0 _aProceedings of the seminar on chemistry and fertility of Malaysian soils Malaysia, 10th Sep 1979
260 _aKuala Lumpur
_bMalaysian Society of Soil science
_c1980
700 _aOthman, Yaacob
700 _aSharifuddin, H A H
942 _cBK
999 _c38919
_d38919